[Event "Hastings Challengers 1995/96"]
[Site "Hastings"]
[Date "1996.01.04"]
[Round "8"]
[White "Gottschlich, Carsten"]
[Black "McNab, Colin Anderson"]
[Result "0-1"]
[WhiteElo "2170"]
[BlackElo "2440"]
[PlyCount "48"]
[EventDate "1995.12.28"]
[EventType "swiss"]
[EventRounds "11"]
[EventCountry "ENG"]
[SourceTitle "BritBase"]
[Source "John Saunders"]
[SourceDate "2025.01.31"]
[SourceVersion "1"]
[SourceVersionDate "2025.01.31"]
[SourceQuality "1"]

1. c4 d6 2. Nc3 e5 3. g3 c6 4. Bg2 Be6 5. b3 d5 6. cxd5 cxd5 7. d4 exd4 8. Qxd4 Nc6 9. Qa4 Bb4 10. Bd2 a6 11. Nf3 b5 12. Nxb5 axb5 13. Qxb5 Bxd2+ 14. Kxd2 Nge7 15. Ne5 Qa5+ 16. Qxa5 Rxa5 17. Nd3 O-O 18. Rhc1 Ra3 19. Kc3 Rb8 20. Kb2 Ra7 21. Rc5 Na5 22. Rac1 Nc4+ 23. Ka1 Rxb3 24. Rc2 Rb8 0-1

[Event "Hastings Challengers 1995/96"]
[Site "Hastings"]
[Date "1996.01.04"]
[Round "8"]
[White "Grinfeld, Alla B"]
[Black "Pert, Nicholas"]
[Result "0-1"]
[WhiteElo "2280"]
[BlackElo "2160"]
[PlyCount "114"]
[EventDate "1995.12.28"]
[EventType "swiss"]
[EventRounds "11"]
[EventCountry "ENG"]
[SourceTitle "BritBase"]
[Source "John Saunders"]
[SourceDate "2025.01.31"]
[SourceVersion "1"]
[SourceVersionDate "2025.01.31"]
[SourceQuality "1"]

1. e4 e6 2. d4 d5 3. Nd2 Nf6 4. e5 Nfd7 5. Bd3 c5 6. c3 Nc6 7. Ne2 cxd4 8. cxd4 f6 9. exf6 Nxf6 10. Nf3 Bd6 11. O-O Qb6 12. Nc3 O-O 13. a3 Bd7 14. Be3 Be8 15. Qc2 Ne7 16. h3 Bg6 17. Rfe1 Rae8 18. Bg5 Bxd3 19. Qxd3 Ng6 20. Qd2 Nh5 21. Na4 Qb5 22. Nc3 Qb6 23. Na4 Qc6 24. Nc3 Rxf3 25. gxf3 h6 26. Qd3 hxg5 27. Qxg6 Nf4 28. Qc2 Nxh3+ 29. Kg2 Nf4+ 30. Kg1 Kf7 31. Rac1 Rh8 32. Ne2 Qe8 33. Nxf4 Bxf4 34. Rcd1 Kf6 35. Kf1 Qh5 36. Rd3 g4 37. Ke2 g5 38. Rc3 gxf3+ 39. Kd1 Qh1 40. Qd3 Qxe1+ 41. Kxe1 Rh1+ 42. Qf1 Bd2+ 43. Kxd2 Rxf1 44. Rxf3+ Ke7 45. Ke2 Rb1 46. Rb3 b6 47. Kd2 g4 48. Ke3 Re1+ 49. Kd2 Re4 50. Rd3 Rf4 51. Ke2 Kf6 52. Ke1 Kf5 53. Rd2 Ke4 54. Kd1 Kf3 55. Ke1 Kg2 56. a4 Re4+ 57. Kd1 Kg1 0-1

[Event "Hastings Challengers 1995/96"]
[Site "Hastings"]
[Date "1996.01.04"]
[Round "8"]
[White "Gunter, David WW"]
[Black "Ledger, Stephen C"]
[Result "0-1"]
[WhiteElo "2130"]
[BlackElo "2260"]
[PlyCount "50"]
[EventDate "1995.12.28"]
[EventType "swiss"]
[EventRounds "11"]
[EventCountry "ENG"]
[SourceTitle "BritBase"]
[Source "John Saunders"]
[SourceDate "2025.01.31"]
[SourceVersion "1"]
[SourceVersionDate "2025.01.31"]
[SourceQuality "1"]

1. d4 Nf6 2. Bg5 d5 3. Bxf6 exf6 4. e3 g6 5. h3 c6 6. c3 Bg7 7. Bd3 f5 8. Ne2 Nd7 9. Qc2 Nf6 10. Nd2 Ne4 11. Nf4 Qe7 12. g4 Bh6 13. Bxe4 fxe4 14. Ne2 Qh4 15. Ng3 Bxe3 16. O-O-O Bxf2 17. Ngxe4 dxe4 18. Qxe4+ Qe7 19. Qf3 Be3 20. Kc2 Bxd2 21. Rxd2 O-O 22. Re2 Be6 23. h4 Rae8 24. Rhh2 Qd7 25. h5 Bxg4 0-1

[Event "Hastings Challengers 1995/96"]
[Site "Hastings"]
[Date "1996.01.04"]
[Round "8"]
[White "Haslinger, Stewart G"]
[Black "Lalic, Susan Kathryn"]
[Result "1/2-1/2"]
[WhiteElo "2145"]
[BlackElo "2315"]
[PlyCount "67"]
[EventDate "1995.12.28"]
[EventType "swiss"]
[EventRounds "11"]
[EventCountry "ENG"]
[SourceTitle "BritBase"]
[Source "John Saunders"]
[SourceDate "2025.01.31"]
[SourceVersion "1"]
[SourceVersionDate "2025.01.31"]
[SourceQuality "1"]

1. e4 c6 2. d4 d5 3. Nd2 dxe4 4. Nxe4 Nf6 5. Nxf6+ gxf6 6. Nf3 Bg4 7. Be2 e6 8. h3 Bh5 9. O-O Qc7 10. Be3 Nd7 11. c4 O-O-O 12. Qa4 Kb8 13. d5 Nb6 14. Bxb6 axb6 15. Rfd1 Bd6 16. Rac1 Rhg8 17. b4 c5 18. Rd3 cxb4 19. Nd4 Bxe2 20. Nxe2 Bc5 21. Qd1 Rg5 22. Kh1 Bxf2 23. dxe6 Rxd3 24. Qxd3 fxe6 25. Rf1 Bc5 26. Rxf6 Qe5 27. Rf7 Rf5 28. Qd7 Qa1+ 29. Kh2 Qe5+ 30. Kh1 Rxf7 31. Qe8+ Ka7 32. Qa4+ Kb8 33. Qe8+ Ka7 34. Qa4+ 1/2-1/2

[Event "Hastings Challengers 1995/96"]
[Site "Hastings"]
[Date "1996.01.04"]
[Round "8"]
[White "Hebden, Mark L"]
[Black "Malaniuk, Vladimir P"]
[Result "1/2-1/2"]
[WhiteElo "2570"]
[BlackElo "2580"]
[PlyCount "32"]
[EventDate "1995.12.28"]
[EventType "swiss"]
[EventRounds "11"]
[EventCountry "ENG"]
[SourceTitle "BritBase"]
[Source "John Saunders"]
[SourceDate "2025.01.31"]
[SourceVersion "1"]
[SourceVersionDate "2025.01.31"]
[SourceQuality "1"]

1. d4 f5 2. g3 Nf6 3. Bg2 g6 4. Nf3 Bg7 5. O-O O-O 6. c4 d6 7. Nc3 Qe8 8. Re1 Qf7 9. b3 Ne4 10. Bb2 Nc6 11. Qd3 Nxc3 12. Bxc3 e5 13. dxe5 dxe5 14. Ng5 Qe7 15. Bd5+ Kh8 16. Bxc6 Qxg5 1/2-1/2

[Event "Hastings Challengers 1995/96"]
[Site "Hastings"]
[Date "1996.01.04"]
[Round "8"]
[White "Heinzel, Olaf"]
[Black "Rausis, Igors"]
[Result "1/2-1/2"]
[WhiteElo "2310"]
[BlackElo "2515"]
[PlyCount "95"]
[EventDate "1995.12.28"]
[EventType "swiss"]
[EventRounds "11"]
[EventCountry "ENG"]
[SourceTitle "BritBase"]
[Source "John Saunders"]
[SourceDate "2025.01.31"]
[SourceVersion "1"]
[SourceVersionDate "2025.01.31"]
[SourceQuality "1"]

1. d4 d5 2. Nf3 Bf5 3. Bf4 e6 4. e3 Bd6 5. Bd3 Bxf4 6. exf4 Ne7 7. O-O O-O 8. Re1 Qd6 9. Bxf5 Nxf5 10. Qd3 c5 11. Nc3 Nd7 12. Ne2 Rac8 13. c3 Nf6 14. dxc5 Qxc5 15. Nfd4 Nd6 16. Ng3 Nc4 17. Qe2 Rfe8 18. Nf3 b5 19. a3 a5 20. Ne5 Qc7 21. Nd3 g6 22. Rad1 Nd6 23. f3 Nc4 24. Qf2 Nd7 25. Re2 Nc5 26. Nxc5 Qxc5 27. Qxc5 Rxc5 28. f5 gxf5 29. Nxf5 Nxb2 30. Rxb2 exf5 31. Rdb1 Re3 32. Rxb5 Rexc3 33. a4 Kf8 34. Rd1 Rxb5 35. axb5 Rc5 36. Rb1 a4 37. b6 Rc8 38. Ra1 Rb8 39. Rxa4 Rxb6 40. Rf4 Rf6 41. Kf2 Ke7 42. Ke3 Ke6 43. Ra4 Ke7 44. Ra7+ Kf8 45. Kf4 Re6 46. Rd7 Re2 47. Rxd5 Rxg2 48. h3 1/2-1/2

[Event "Hastings Challengers 1995/96"]
[Site "Hastings"]
[Date "1996.01.04"]
[Round "8"]
[White "Hirsch, Stefan"]
[Black "Houska, Miroslav"]
[Result "1/2-1/2"]
[WhiteElo "2235"]
[BlackElo "2275"]
[PlyCount "82"]
[EventDate "1995.12.28"]
[EventType "swiss"]
[EventRounds "11"]
[EventCountry "ENG"]
[SourceTitle "BritBase"]
[Source "John Saunders"]
[SourceDate "2025.01.31"]
[SourceVersion "1"]
[SourceVersionDate "2025.01.31"]
[SourceQuality "1"]

1. d4 d6 2. Bg5 c6 3. Nf3 f5 4. c4 h6 5. Bc1 Nf6 6. Nc3 g6 7. Qc2 Na6 8. a3 Qd7 9. e3 Bg7 10. Bd3 O-O 11. O-O Nh5 12. e4 e5 13. dxe5 dxe5 14. exf5 gxf5 15. Be2 Qf7 16. Qd1 e4 17. Ne1 Nf6 18. f3 Nc5 19. fxe4 Ncxe4 20. Nxe4 Nxe4 21. Nd3 Qxc4 22. Bf4 Qd4+ 23. Kh1 Be6 24. Qc1 Kh7 25. Be3 Qf6 26. Rf3 Bd5 27. Rh3 Rae8 28. Bh5 Re7 29. Nf4 Ng5 30. Rg3 Qxb2 31. Qxb2 Bxb2 32. Rb1 Bf6 33. Ng6 Rfe8 34. Nxe7 Rxe7 35. Bxa7 b5 36. Bc5 Re4 37. Re3 Rh4 38. Bf3 Nxf3 39. gxf3 Rf4 40. Kg2 Kg6 41. Rc1 Bg5 1/2-1/2

[Event "Hastings Challengers 1995/96"]
[Site "Hastings"]
[Date "1996.01.04"]
[Round "8"]
[White "Knox, David A"]
[Black "Williams, Leighton"]
[Result "0-1"]
[WhiteElo "2235"]
[BlackElo "2110"]
[PlyCount "80"]
[EventDate "1995.12.28"]
[EventType "swiss"]
[EventRounds "11"]
[EventCountry "ENG"]
[SourceTitle "BritBase"]
[Source "John Saunders"]
[SourceDate "2025.01.31"]
[SourceVersion "1"]
[SourceVersionDate "2025.01.31"]
[SourceQuality "1"]

1. e4 c5 2. Nf3 Nc6 3. b4 cxb4 4. a3 d5 5. exd5 Qxd5 6. axb4 Bg4 7. Ra4 Nd4 8. Be2 Bxf3 9. gxf3 Qe6 10. h4 Nxf3+ 11. Kf1 Nd4 12. b5 Nxe2 13. Qxe2 Qxe2+ 14. Kxe2 e6 15. d4 Nf6 16. c4 Be7 17. Rh3 Nd7 18. Ba3 Nb6 19. Bxe7 Nxa4 20. Bd6 Nb6 21. c5 Nd5 22. h5 Kd7 23. h6 g6 24. Nd2 a6 25. Rf3 f6 26. b6 a5 27. Ne4 a4 28. Nxf6+ Nxf6 29. Rxf6 a3 30. Rf7+ Kc6 31. Be5 Rhf8 32. Rxh7 Kd5 33. c6 a2 34. cxb7 a1=Q 35. bxa8=Q+ Rxa8 36. Rd7+ Ke4 37. f3+ Kf5 38. Rf7+ Kg5 39. h7 Qa2+ 40. Kd1 Qb3+ 0-1

[Event "Hastings Challengers 1995/96"]
[Site "Hastings"]
[Date "1996.01.04"]
[Round "8"]
[White "Larsen, Steen Skovlund"]
[Black "Howell, Christopher I"]
[Result "1/2-1/2"]
[WhiteElo "2340"]
[BlackElo "2080"]
[PlyCount "75"]
[EventDate "1995.12.28"]
[EventType "swiss"]
[EventRounds "11"]
[EventCountry "ENG"]
[SourceTitle "BritBase"]
[Source "John Saunders"]
[SourceDate "2025.01.31"]
[SourceVersion "1"]
[SourceVersionDate "2025.01.31"]
[SourceQuality "1"]

1. d4 Nf6 2. c4 g6 3. Nc3 Bg7 4. e4 d6 5. f3 O-O 6. Nge2 e5 7. Bg5 h6 8. Be3 Nc6 9. Qd2 exd4 10. Nxd4 Nd7 11. O-O-O Nxd4 12. Bxd4 Bxd4 13. Qxd4 Qg5+ 14. Kb1 Nc5 15. h4 Qe5 16. Qe3 Qg7 17. g4 Be6 18. Be2 a6 19. Qd4 Rae8 20. Rh2 Qxd4 21. Rxd4 f5 22. exf5 gxf5 23. g5 f4 24. gxh6 Bf5+ 25. Kc1 Kh7 26. Nd5 Ne6 27. Rd2 Kxh6 28. Bd1 b5 29. cxb5 axb5 30. b4 c5 31. a3 Bh7 32. Kb2 Nd4 33. h5 Re1 34. Rh4 Ne6 35. Nc3 Nd4 36. Nd5 Ne6 37. Nc3 Nd4 38. Nd5 1/2-1/2

[Event "Hastings Challengers 1995/96"]
[Site "Hastings"]
[Date "1996.01.04"]
[Round "8"]
[White "Ledger, Andrew J"]
[Black "Tseitlin, Mikhail S"]
[Result "1-0"]
[WhiteElo "2410"]
[BlackElo "2435"]
[PlyCount "89"]
[EventDate "1995.12.28"]
[EventType "swiss"]
[EventRounds "11"]
[EventCountry "ENG"]
[SourceTitle "BritBase"]
[Source "John Saunders"]
[SourceDate "2025.01.31"]
[SourceVersion "1"]
[SourceVersionDate "2025.01.31"]
[SourceQuality "1"]

1. e4 e5 2. Bc4 Nf6 3. d3 Nc6 4. Nc3 Bb4 5. Nge2 d5 6. exd5 Nxd5 7. O-O Be6 8. Bxd5 Bxd5 9. Nxd5 Qxd5 10. Ng3 g6 11. Bg5 f5 12. a3 Bd6 13. c4 Qf7 14. d4 Nxd4 15. c5 Be7 16. Qa4+ Nc6 17. Bxe7 Kxe7 18. b4 Rhd8 19. b5 Nd4 20. Rfe1 Qd5 21. c6 b6 22. Rad1 Kf6 23. Qb4 Qc5 24. Qb2 Rd6 25. a4 Qc2 26. Qa1 Rad8 27. Rc1 Qd2 28. Kh1 Rd5 29. Nf1 Nb3 30. Qa3 Qxc1 31. Rxc1 Nxc1 32. Qxc1 Rd1 33. Qc4 R8d4 34. Qe2 R4d2 35. Qc4 Rc2 36. Qh4+ Ke6 37. Kg1 Rcc1 38. g3 h5 39. Kg2 Rxf1 40. Qg5 Rg1+ 41. Kh3 Kf7 42. Qd8 Rc5 43. Qxc7+ Kf6 44. Qd6+ Kg7 45. Qxc5 1-0

[Event "Hastings Challengers 1995/96"]
[Site "Hastings"]
[Date "1996.01.04"]
[Round "8"]
[White "Ledger, David J"]
[Black "Suetin, Alexey S"]
[Result "1/2-1/2"]
[WhiteElo "2305"]
[BlackElo "2445"]
[PlyCount "105"]
[EventDate "1995.12.28"]
[EventType "swiss"]
[EventRounds "11"]
[EventCountry "ENG"]
[SourceTitle "BritBase"]
[Source "John Saunders"]
[SourceDate "2025.01.31"]
[SourceVersion "1"]
[SourceVersionDate "2025.01.31"]
[SourceQuality "1"]

1. d4 Nf6 2. c4 c5 3. d5 g6 4. Nc3 d6 5. e4 Bg7 6. h3 O-O 7. Bd3 e6 8. Nf3 Na6 9. O-O Nc7 10. Re1 a6 11. a4 b6 12. Rb1 a5 13. dxe6 Nxe6 14. Nb5 Ne8 15. Be3 N8c7 16. Qb3 Nxb5 17. cxb5 Bb7 18. Rbd1 Qc7 19. Bc1 Rad8 20. Bc4 Rfe8 21. Bd5 Bxd5 22. Qxd5 c4 23. Re2 Qc5 24. Rc2 Qxd5 25. exd5 Nc5 26. Rxc4 Re2 27. b4 axb4 28. Rxb4 Ra2 29. Bg5 Re8 30. Rc4 Rxa4 31. Rxa4 Nxa4 32. Rd3 Nc3 33. Bd2 Nxb5 34. Rb3 Nc7 35. Rxb6 Bf8 36. Nd4 Nxd5 37. Rb7 Nf6 38. Kf1 d5 39. Rb5 h6 40. Ba5 Rc8 41. Ke2 Rc5 42. Kd3 Nd7 43. Bd2 h5 44. Rb7 Ne5+ 45. Ke2 Rc4 46. Be3 Rb4 47. Rxb4 Bxb4 48. Nc2 Nc6 49. Bb6 Bc3 50. Kd3 Bg7 51. Bc5 f5 52. Ne3 Ne5+ 53. Kd4 1/2-1/2

[Event "Hastings Challengers 1995/96"]
[Site "Hastings"]
[Date "1996.01.04"]
[Round "8"]
[White "Lyell, Mark"]
[Black "Hon, Andrew HL"]
[Result "0-1"]
[WhiteElo "2265"]
[BlackElo "2225"]
[PlyCount "66"]
[EventDate "1995.12.28"]
[EventType "swiss"]
[EventRounds "11"]
[EventCountry "ENG"]
[SourceTitle "BritBase"]
[Source "John Saunders"]
[SourceDate "2025.01.31"]
[SourceVersion "1"]
[SourceVersionDate "2025.01.31"]
[SourceQuality "1"]

1. e4 d6 2. d4 g6 3. Nf3 Nf6 4. Nc3 Bg7 5. Be2 O-O 6. O-O c6 7. a4 Bg4 8. Be3 Nbd7 9. Ra3 Qc7 10. h3 Bxf3 11. Bxf3 e5 12. dxe5 dxe5 13. b4 Rfd8 14. Qe2 Nf8 15. Qc4 Ne6 16. a5 Nd4 17. Bd1 Qe7 18. f4 Ne8 19. fxe5 Bxe5 20. Ne2 Nd6 21. Qa2 N4b5 22. Rd3 Nxe4 23. Qb3 Rxd3 24. cxd3 Ned6 25. Bc5 Qc7 26. d4 Bg7 27. Qf3 Nf5 28. Bb3 b6 29. g4 Nh6 30. Bc4 Rb8 31. Ng3 bxc5 32. g5 Nxd4 33. Qe4 Qxg3+ 0-1

[Event "Hastings Challengers 1995/96"]
[Site "Hastings"]
[Date "1996.01.04"]
[Round "8"]
[White "Marusenko, Petr"]
[Black "Arkell, Keith C"]
[Result "0-1"]
[WhiteElo "2305"]
[BlackElo "2505"]
[PlyCount "94"]
[EventDate "1995.12.28"]
[EventType "swiss"]
[EventRounds "11"]
[EventCountry "ENG"]
[SourceTitle "BritBase"]
[Source "John Saunders"]
[SourceDate "2025.01.31"]
[SourceVersion "1"]
[SourceVersionDate "2025.01.31"]
[SourceQuality "1"]

1. e4 c6 2. d4 d5 3. e5 c5 4. dxc5 Nc6 5. Bb5 e6 6. Be3 Nge7 7. c3 Bd7 8. Bxc6 Nxc6 9. Nf3 Qc7 10. Bd4 Nxd4 11. cxd4 b6 12. cxb6 Qxb6 13. O-O Qxb2 14. Nbd2 Be7 15. Nb3 Qa3 16. Re1 O-O 17. Re3 Qa4 18. Ne1 Rfc8 19. Nd3 Bb5 20. Nf4 Bc4 21. Nh5 Bxb3 22. axb3 Qc6 23. Rg3 g6 24. Qd2 Qe8 25. Nf6+ Bxf6 26. exf6 Qd8 27. Rf3 Rc7 28. h4 Rac8 29. Qg5 h5 30. g4 hxg4 31. Qxg4 Rc1+ 32. Rxc1 Rxc1+ 33. Kg2 Qa5 34. Qf4 Qa1 35. Qh2 Kh7 36. h5 g5 37. h6 Qa6 38. Kh3 Qe2 39. Kg3 Qe4 40. Qh5 Qg6 41. Qxg6+ Kxg6 42. b4 Kxh6 43. Ra3 Rc7 44. Ra5 Kg6 45. Rc5 Rb7 46. b5 Kxf6 47. Kf3 Rb6 0-1

[Event "Hastings Challengers 1995/96"]
[Site "Hastings"]
[Date "1996.01.04"]
[Round "8"]
[White "Plaskett, H James"]
[Black "Ferguson, Mark"]
[Result "1-0"]
[WhiteElo "2465"]
[BlackElo "2360"]
[PlyCount "81"]
[EventDate "1995.12.28"]
[EventType "swiss"]
[EventRounds "11"]
[EventCountry "ENG"]
[SourceTitle "BritBase"]
[Source "John Saunders"]
[SourceDate "2025.01.31"]
[SourceVersion "1"]
[SourceVersionDate "2025.01.31"]
[SourceQuality "1"]

1. e4 e5 2. Nf3 Nc6 3. Bb5 a6 4. Ba4 Nf6 5. O-O Be7 6. Qe2 b5 7. Bb3 O-O 8. c3 d6 9. d4 Bg4 10. Rd1 exd4 11. cxd4 d5 12. exd5 Nb4 13. h3 Bc8 14. Nc3 Bb7 15. Ne5 Nbxd5 16. Rd3 Nxc3 17. bxc3 Bd5 18. Rg3 Kh8 19. Bc2 c6 20. Bg5 g6 21. Re1 Ra7 22. Re3 Ng8 23. Nxc6 Bxc6 24. Bxe7 Nxe7 25. Rxe7 Rxe7 26. Qxe7 Qxe7 27. Rxe7 Bd5 28. Bb3 Bxb3 29. axb3 Rc8 30. Re3 a5 31. Kf1 b4 32. c4 a4 33. Ke2 axb3 34. Kd3 Ra8 35. Re1 Ra2 36. Rb1 Rxf2 37. Rxb3 Rxg2 38. c5 Rg1 39. Rxb4 Kg7 40. c6 Rd1+ 41. Kc2 1-0

[Event "Hastings Challengers 1995/96"]
[Site "Hastings"]
[Date "1996.01.04"]
[Round "8"]
[White "Quinn, Mark"]
[Black "Pilgaard, Kim"]
[Result "1/2-1/2"]
[WhiteElo "2360"]
[BlackElo "2315"]
[PlyCount "42"]
[EventDate "1995.12.28"]
[EventType "swiss"]
[EventRounds "11"]
[EventCountry "ENG"]
[SourceTitle "BritBase"]
[Source "John Saunders"]
[SourceDate "2025.01.31"]
[SourceVersion "1"]
[SourceVersionDate "2025.01.31"]
[SourceQuality "1"]

1. c4 Nf6 2. Nc3 e6 3. e4 d5 4. e5 d4 5. exf6 dxc3 6. bxc3 Qxf6 7. d4 e5 8. Nf3 exd4 9. Bg5 Qe6+ 10. Be2 Be7 11. cxd4 Bxg5 12. Nxg5 Qe7 13. Qd2 O-O 14. O-O Nc6 15. Nf3 Bg4 16. Rfe1 Rfe8 17. h3 Bxf3 18. Bxf3 Qf6 19. Bxc6 Qxc6 20. Rxe8+ Rxe8 21. Re1 Rxe1+ 1/2-1/2

[Event "Hastings Challengers 1995/96"]
[Site "Hastings"]
[Date "1996.01.04"]
[Round "8"]
[White "Sheehan, Anthony"]
[Black "McMahon, Daire"]
[Result "0-1"]
[WhiteElo "2005"]
[BlackElo "2240"]
[PlyCount "36"]
[EventDate "1995.12.28"]
[EventType "swiss"]
[EventRounds "11"]
[EventCountry "ENG"]
[SourceTitle "BritBase"]
[Source "John Saunders"]
[SourceDate "2025.01.31"]
[SourceVersion "1"]
[SourceVersionDate "2025.01.31"]
[SourceQuality "1"]

1. e4 e5 2. Nf3 Nc6 3. Nc3 Nf6 4. d4 exd4 5. Nxd4 Bb4 6. Nxc6 bxc6 7. Bd3 d5 8. exd5 cxd5 9. O-O O-O 10. Bg5 Be6 11. Nb5 c5 12. a3 Ba5 13. b4 Bb6 14. Qf3 c4 15. Be2 a6 16. Nc3 Bd4 17. Rad1 Bxc3 18. Qxc3 Ne4 0-1

[Event "Hastings Challengers 1995/96"]
[Site "Hastings"]
[Date "1996.01.04"]
[Round "8"]
[White "Stoeber, Michael"]
[Black "Wilson, Jonathan G"]
[Result "1/2-1/2"]
[WhiteElo "2250"]
[BlackElo "2245"]
[PlyCount "61"]
[EventDate "1995.12.28"]
[EventType "swiss"]
[EventRounds "11"]
[EventCountry "ENG"]
[SourceTitle "BritBase"]
[Source "John Saunders"]
[SourceDate "2025.01.31"]
[SourceVersion "1"]
[SourceVersionDate "2025.01.31"]
[SourceQuality "1"]

1. d4 d5 2. c4 c6 3. Nc3 Nf6 4. Nf3 e6 5. cxd5 exd5 6. Bg5 h6 7. Bh4 Bf5 8. Qb3 g5 9. Bg3 Qb6 10. e3 Nbd7 11. h4 g4 12. Ne5 Nh5 13. Bh2 g3 14. Nxd7 Kxd7 15. Be2 gxf2+ 16. Kxf2 Nf6 17. Be5 Be7 18. Raf1 Rhg8 19. Ke1 Qxb3 20. axb3 Ke6 21. Rf4 Ne4 22. g4 Bg6 23. h5 Bh7 24. Nxe4 Bxe4 25. Rhf1 Raf8 26. Rf6+ Bxf6 27. Rxf6+ Ke7 28. Kf2 Rh8 29. Kg3 Rh7 30. Kh4 Rg8 31. Rf2 1/2-1/2

[Event "Hastings Challengers 1995/96"]
[Site "Hastings"]
[Date "1996.01.04"]
[Round "8"]
[White "Tagnon, Nicole"]
[Black "Shaw, John Kerr"]
[Result "1-0"]
[WhiteElo "2105"]
[BlackElo "2280"]
[PlyCount "51"]
[EventDate "1995.12.28"]
[EventType "swiss"]
[EventRounds "11"]
[EventCountry "ENG"]
[SourceTitle "BritBase"]
[Source "John Saunders"]
[SourceDate "2025.01.31"]
[SourceVersion "1"]
[SourceVersionDate "2025.01.31"]
[SourceQuality "1"]

1. e4 c5 2. Nf3 d6 3. d4 Nf6 4. Nc3 cxd4 5. Nxd4 g6 6. Be3 Bg7 7. f3 Nc6 8. Bc4 O-O 9. Qd2 Bd7 10. h4 Ne5 11. Bb3 Qa5 12. O-O-O Rfc8 13. g4 Nc4 14. Bxc4 Rxc4 15. h5 Rac8 16. Nb3 Qa6 17. hxg6 fxg6 18. Bh6 Bh8 19. e5 Ne8 20. Qg5 Kf7 21. Rhe1 Be6 22. exd6 exd6 23. Rxe6 Kxe6 24. Re1+ Kd7 25. Re7+ Kd8 26. Rg7+ 1-0

[Event "Hastings Challengers 1995/96"]
[Site "Hastings"]
[Date "1996.01.04"]
[Round "8"]
[White "Trzaska, Peter"]
[Black "Cherniaev, Alexander"]
[Result "1/2-1/2"]
[WhiteElo "2200"]
[BlackElo "2450"]
[PlyCount "89"]
[EventDate "1995.12.28"]
[EventType "swiss"]
[EventRounds "11"]
[EventCountry "ENG"]
[SourceTitle "BritBase"]
[Source "John Saunders"]
[SourceDate "2025.01.31"]
[SourceVersion "1"]
[SourceVersionDate "2025.01.31"]
[SourceQuality "1"]

1. c4 e5 2. g3 Nc6 3. Bg2 g6 4. Nc3 Bg7 5. d3 d6 6. Nf3 Nge7 7. Nd5 O-O 8. Bg5 f6 9. Bd2 Be6 10. Nxe7+ Nxe7 11. O-O c6 12. Qc1 d5 13. Rd1 Qd7 14. Rb1 a5 15. b3 b5 16. Bh6 Bxh6 17. Qxh6 Rad8 18. cxb5 cxb5 19. Qd2 b4 20. d4 e4 21. Ne1 Nf5 22. Rbc1 Nd6 23. Rc5 Nb5 24. Rdc1 Ra8 25. h4 Nc3 26. a3 Bg4 27. Bf1 e3 28. Qxe3 Rae8 29. Qh6 Bxe2 30. Bg2 Bd1 31. Rxd1 Nxd1 32. Bxd5+ Kh8 33. Nd3 Qg7 34. Qxg7+ Kxg7 35. axb4 axb4 36. Nxb4 Re1+ 37. Kg2 Re2 38. Rc2 Rxc2 39. Nxc2 Nc3 40. Bc4 Ra8 41. Nb4 Kf8 42. Kf3 Ke7 43. Ke3 Ra1 44. Kd3 Nd1 45. Nd5+ 1/2-1/2

[Event "Hastings Challengers 1995/96"]
[Site "Hastings"]
[Date "1996.01.04"]
[Round "8"]
[White "Vigus, James E"]
[Black "Schmedders, Hans Gerd"]
[Result "1-0"]
[WhiteElo "2110"]
[BlackElo "2310"]
[PlyCount "71"]
[EventDate "1995.12.28"]
[EventType "swiss"]
[EventRounds "11"]
[EventCountry "ENG"]
[SourceTitle "BritBase"]
[Source "John Saunders"]
[SourceDate "2025.01.31"]
[SourceVersion "1"]
[SourceVersionDate "2025.01.31"]
[SourceQuality "1"]

1. d4 d5 2. Bg5 Bf5 3. e3 c6 4. Nf3 Qb6 5. Qc1 Nd7 6. Nbd2 e6 7. c4 c5 8. cxd5 exd5 9. Be2 h6 10. Bh4 Ngf6 11. dxc5 Bxc5 12. O-O O-O 13. Nb3 Rac8 14. Qd1 Bd6 15. Nfd4 Be4 16. Rc1 Rxc1 17. Qxc1 Re8 18. Bb5 g5 19. Bg3 a6 20. Be2 Ne5 21. Nd2 Bg6 22. N2f3 Nxf3+ 23. Nxf3 Bc5 24. Be5 Ne4 25. Bd4 Rc8 26. Ne5 Bf5 27. Bxc5 Rxc5 28. Qa1 Rc2 29. Bh5 Nxf2 30. Bxf7+ Kg7 31. b3 Qf6 32. Bxd5 b5 33. Qd4 h5 34. e4 Bc8 35. Qa7+ Kh6 36. Nd3 1-0

[Event "Hastings Challengers 1995/96"]
[Site "Hastings"]
[Date "1996.01.04"]
[Round "8"]
[White "Dodgson, John A"]
[Black "Jaksland, Tim"]
[Result "0-1"]
[WhiteElo "2240"]
[BlackElo "2220"]
[PlyCount "86"]
[EventDate "1995.12.28"]
[EventType "swiss"]
[EventRounds "11"]
[EventCountry "ENG"]
[SourceTitle "BritBase"]
[Source "John Saunders"]
[SourceDate "2025.01.31"]
[SourceVersion "1"]
[SourceVersionDate "2025.01.31"]
[SourceQuality "1"]

1. e4 c5 2. Nf3 Nc6 3. d3 g6 4. g3 Bg7 5. Bg2 d6 6. O-O Nf6 7. Re1 O-O 8. Nbd2 Rb8 9. a4 a6 10. e5 Ng4 11. exd6 exd6 12. Ne4 Nge5 13. Bg5 f6 14. Nxe5 fxg5 15. Nxc6 bxc6 16. Qd2 h6 17. c3 Bg4 18. Rac1 Rf7 19. d4 cxd4 20. cxd4 d5 21. Nc5 Qf6 22. Re5 Rbf8 23. Rf1 Bc8 24. b4 Qd6 25. Re3 Kh7 26. Ree1 h5 27. Rd1 Bg4 28. Rc1 Qf6 29. Nb3 Bf3 30. Bxf3 Qxf3 31. Rc3 Qf6 32. Qc2 h4 33. Rxc6 Qf3 34. Qxg6+ Kg8 35. Nd2 Qe2 36. Qxg5 Rxf2 37. Qxd5+ Kh7 38. Rcc1 Qxd2 39. Qe4+ Kg8 40. Qd5+ Kh7 41. Qe4+ Kh8 42. Qxh4+ Kg8 43. Rfd1 Qe3 0-1

[Event "Hastings Challengers 1995/96"]
[Site "Hastings"]
[Date "1996.01.04"]
[Round "8"]
[White "Kurr, Gerd"]
[Black "Purkiss, William"]
[Result "1-0"]
[WhiteElo "2125"]
[BlackElo "2125"]
[PlyCount "45"]
[EventDate "1995.12.28"]
[EventType "swiss"]
[EventRounds "11"]
[EventCountry "ENG"]
[SourceTitle "BritBase"]
[Source "John Saunders"]
[SourceDate "2025.01.31"]
[SourceVersion "1"]
[SourceVersionDate "2025.01.31"]
[SourceQuality "1"]

1. Nf3 d5 2. d4 c5 3. c3 Nc6 4. e3 Nf6 5. dxc5 e6 6. b4 a5 7. Bb5 Bd7 8. O-O axb4 9. Bxc6 Bxc6 10. cxb4 b6 11. Nc3 bxc5 12. b5 Ne4 13. Nxe4 dxe4 14. bxc6 exf3 15. Qxf3 Qc7 16. Rb1 Be7 17. Rb7 Qc8 18. Bb2 f6 19. Rd1 Kf7 20. Qh5+ g6 21. Qh4 e5 22. Qc4+ Kf8 23. Rdd7 1-0